| 000 | 00401nam a22001577a 4500 | ||
|---|---|---|---|
| 020 | _a9788194137719 | ||
| 082 |
_aS 294.592 1 _bVEL/S |
||
| 100 | _aVelankar S B | ||
| 245 |
_aSutravanmaya-darsanam/ _cby Velankar S B |
||
| 260 |
_aPune: _bBhandarkar Oriental Research Institute, _c2024. |
||
| 300 | _a78p. | ||
| 650 | _aReligion | ||
| 650 | _aHinduism | ||
| 650 | _aVedic Literature | ||
| 942 | _cBK | ||
| 999 |
_c181201 _d181201 |
||